| 000 | 01084nam a2200277 a 4500 | ||
|---|---|---|---|
| 001 | 000023057 | ||
| 005 | 20200930021947.0 | ||
| 008 | 101125s1993 mx a 000 0 spa d | ||
| 020 | _a9688802565 | ||
| 040 |
_aDO-SdBNP _bspa _cBNPHU |
||
| 082 |
_a005.133 _bT292e |
||
| 100 | 1 |
_aTenenbaum, Aaron M. _947457 |
|
| 240 | 1 | 0 |
_aData structures using C. _lEspañol |
| 245 | 1 | 0 |
_aEstructuras de datos en C / _cAaron M. Tenenbaum, Yedidyah Langsam, Moshe J. Augenstein, traducción de Javier Pulido Cejudo ; revisión técnica de Raymundo Hugo Rangel Gutiérrez. |
| 260 |
_aMéxico : _bPrentice-Hall Hispanoamericana, _c1993. |
||
| 300 |
_axiv, 696 p. : _bil. ; _c23 cm. |
||
| 534 |
_aTítulo original : _tData structures using C |
||
| 650 | 4 |
_aC (lenguaje de programación para computadores) _947458 |
|
| 650 | 4 |
_aEstructura de datos (computadores) _943946 |
|
| 700 | 1 |
_aLangsam, Yedidyah _947459 |
|
| 700 | 1 |
_aAugenstein, Moshe J. _947460 |
|
| 700 | 1 |
_aPulido Cejudo, Javier, _etr. _947461 |
|
| 700 | 1 |
_aRangel Gutiérrez, Raymundo Hugo, _erev. _947293 |
|
| 910 | _aWM | ||
| 049 | _aBNGR | ||
| 999 |
_c22554 _d22554 |
||